[Event "2nd Science Park Open A"]
[Site "Amsterdam NED"]
[Date "2012.07.22"]
[Round "9.9"]
[White "Schoorl, Rob"]
[Black "Lammens, Tim"]
[Result "0-1"]
[WhiteTitle "FM"]
[BlackTitle "FM"]
[WhiteElo "2362"]
[BlackElo "2291"]
[WhiteFideId "1009508"]
[BlackFideId "1008803"]
[EventDate "2012.07.14"]

1. e4 e5 2. Nf3 Nc6 3. Bb5 a6 4. Ba4 Nge7 5. d4 exd4 6. Bb3 Ng6 7. Nxd4 Bc5 8.
Be3 Bxd4 9. Bxd4 Qg5 10. Bxg7 Qxg2 11. Rf1 Rg8 12. Bc3 d6 13. Nd2 Bg4 14. f3 Bh3
15. Rf2 Qg1+ 16. Nf1 Nf4 17. Qd2 Rg2 18. Rxg2 Nxg2+ 19. Ke2 O-O-O 20. Qg5 Ne5
21. Rd1 Nxf3 22. Qg3 f5 23. Be6+ Kb8 24. exf5 h5 25. Kxf3 Bg4+ 26. Ke4 Bxd1 27.
Ne3 d5+ 28. Nxd5 Bxc2+ 29. Ke5 Qf1 30. Qg5 Rf8 31. Qxh5 Qc4 32. Nf6 Qf4+ 33. Kd5
Ne3+ 34. Kc5 Qd6# 0-1

[Event "2nd Science Park Open A"]
[Site "Amsterdam NED"]
[Date "2012.07.22"]
[Round "9.10"]
[White "Schneider, Veronika"]
[Black "Timmermans, Mark"]
[Result "1/2-1/2"]
[WhiteTitle "WGM"]
[WhiteElo "2331"]
[BlackElo "2194"]
[WhiteFideId "721530"]
[BlackFideId "1026399"]
[EventDate "2012.07.14"]

1. e4 e5 2. Nf3 Nc6 3. d4 exd4 4. Nxd4 Nf6 5. Nxc6 bxc6 6. e5 Qe7 7. Qe2 Nd5 8.
c4 Nb6 9. Nc3 g6 10. f4 Bg7 11. Be3 Ba6 12. b3 O-O 13. O-O-O f6 14. Qd2 Qa3+ 15.
Kb1 fxe5 16. c5 Nc4 17. Qc1 Qb4 18. Rxd7 Na3+ 19. Kb2 Bxf1 20. Rxf1 exf4 21.
Rxg7+ Kxg7 22. Bxf4 Kg8 23. Bh6 Rxf1 24. Qxf1 Qxc5 25. Qf6 Nc4+ 26. bxc4 Rb8+
27. Kc2 Qf5+ 28. Qxf5 gxf5 29. Ne2 Rb4 30. Kc3 Rb1 31. Bf4 Rf1 32. g3 Rf2 33.
Nd4 Rxa2 34. Nxf5 Rxh2 35. Ne7+ Kf7 36. Nxc6 Ke6 37. Nxa7 Kd7 38. Nb5 c6 39. Nd4
h5 40. Nf3 Rf2 41. Ne5+ Ke6 42. Nd3 Rf1 43. Kd4 Kf5 44. Ke3 Ra1 45. c5 Ra4 46.
Bd6 h4 47. gxh4 Rxh4 48. Kd2 Rc4 49. Nb2 Rh4 50. Kc3 Ke6 51. Nd3 Re4 52. Nb4 Kd7
53. Na6 Ke6 54. Kd3 Ra4 55. Nb8 Kd5 56. Nd7 Ra3+ 57. Kc2 Kd4 58. Kb2 Re3 59. Nb6
Rf3 60. Nd7 1/2-1/2

[Event "2nd Science Park Open A"]
[Site "Amsterdam NED"]
[Date "2012.07.22"]
[Round "9.11"]
[White "Schroer, Marcel"]
[Black "Ten Hertog, Hugo"]
[Result "1-0"]
[BlackTitle "FM"]
[WhiteElo "2088"]
[BlackElo "2349"]
[WhiteFideId "1012908"]
[BlackFideId "1026356"]
[EventDate "2012.07.14"]

1. d4 g6 2. Nf3 Bg7 3. g3 b5 4. Bg2 Bb7 5. O-O Nf6 6. a4 b4 7. c3 bxc3 8. bxc3
O-O 9. Nbd2 Na6 10. Rb1 Rb8 11. Ba3 Re8 12. Re1 d5 13. Ne5 Nd7 14. Rxb7 Rxb7 15.
Bxd5 c6 16. Bxf7+ Kh8 17. Nxc6 Qa8 18. Bxe8 Qxe8 19. Nf3 Nb6 20. Nce5 Nxa4 21.
Qd3 Nc7 22. Qc4 e6 23. Nf7+ Qxf7 24. Qxa4 Nd5 25. Bb4 h6 26. Kg2 Kh7 27. Qa5 Qf5
28. h3 Qe4 29. Bc5 Rb2 30. Qxa7 Rxe2 31. Bf8 Ne3+ 32. Kg1 Rxe1+ 33. Nxe1 Nf5 34.
Ng2 Kg8 35. Bxg7 Nxg7 36. Qb8+ Kh7 37. Qe5 Qb1+ 38. Qe1 Qf5 39. Kh2 Qf3 40. Qe3
Qc6 41. Nf4 h5 42. h4 1-0

[Event "2nd Science Park Open A"]
[Site "Amsterdam NED"]
[Date "2012.07.22"]
[Round "9"]
[White "Afek, Yochanan"]
[Black "De Saegher, Chris"]
[Result "1-0"]
[WhiteTitle "IM"]
[WhiteElo "2293"]
[BlackElo "2208"]
[WhiteFideId "2800462"]
[BlackFideId "1004433"]
[EventDate "2012.07.14"]

1. e4 c6 2. d4 d5 3. exd5 cxd5 4. Bf4 Nc6 5. c3 g6 6. Nf3 Bg7 7. Nbd2 Nf6 8. Bd3
Nh5 9. Be3 Qd6 10. O-O Nf4 11. Bc2 Bf5 12. Bxf5 gxf5 13. Ne5 Ng6 14. f4 Qe6 15.
Qe2 O-O 16. Rae1 Rfc8 17. Qh5 Ncxe5 18. fxe5 f4 19. Bxf4 Qb6 20. Nb3 a5 21. Bh6
a4 22. Nc5 Rxc5 23. dxc5 Qxc5+ 24. Kh1 a3 25. Bxg7 Kxg7 26. bxa3 Qxc3 27. e6
fxe6 28. Rxe6 Rf8 29. Rfe1 Qxa3 30. Qxd5 Rf7 31. h3 b5 32. R6e3 Qb4 33. Rd1 Qb2
34. Qd4+ Qxd4 35. Rxd4 Rf2 36. a3 Rb2 37. Rb4 Rxb4 38. axb4 Kf6 39. Rc3 Ke5 40.
Rc5+ Kd4 41. Rxb5 1-0

[Event "2nd Science Park Open A"]
[Site "Amsterdam NED"]
[Date "2012.07.22"]
[Round "9"]
[White "Vogel, Jaap"]
[Black "Arjun, Bharat"]
[Result "1-0"]
[WhiteTitle "FM"]
[BlackTitle "CM"]
[WhiteElo "2179"]
[BlackElo "2250"]
[WhiteFideId "1000764"]
[BlackFideId "5032725"]
[EventDate "2012.07.14"]

1. d4 Nf6 2. Nf3 g6 3. g3 Bg7 4. Bg2 O-O 5. O-O d6 6. c4 Nc6 7. Nc3 a6 8. h3 Rb8
9. Be3 Bd7 10. a4 Qc8 11. Kh2 a5 12. Qd2 Re8 13. Bh6 Bh8 14. d5 Nb4 15. Nd4 c5
16. Ndb5 Bxb5 17. Nxb5 Nd7 18. Rae1 Nb6 19. b3 Qd7 20. h4 e5 21. Bh3 Qe7 22. e4
Bf6 23. Bg5 Bxg5 24. hxg5 Nd7 25. f4 Rbd8 26. f5 Nb8 27. Kg2 b6 28. Rf3 Rf8 29.
Ref1 N4a6 30. Bg4 Nb4 31. Rh1 N8a6 32. Kg1 h5 33. Bxh5 gxh5 34. Rxh5 f6 35. Qh2
Qg7 36. g6 Rd7 37. g4 Re8 38. Rfh3 Kf8 1-0

[Event "2nd Science Park Open A"]
[Site "Amsterdam NED"]
[Date "2012.07.22"]
[Round "9"]
[White "Van Lommel, Patrick"]
[Black "Visser, Henk Jan"]
[Result "0-1"]
[WhiteTitle "CM"]
[WhiteElo "2120"]
[BlackElo "2246"]
[WhiteFideId "1008269"]
[BlackFideId "1010204"]
[EventDate "2012.07.14"]

1. d4 Nf6 2. c4 c5 3. Nf3 cxd4 4. Nxd4 e5 5. Nc2 d5 6. cxd5 Qxd5 7. Qxd5 Nxd5 8.
e4 Nb4 9. Nxb4 Bxb4+ 10. Bd2 Nc6 11. Bxb4 Nxb4 12. Na3 Be6 13. Bb5+ Ke7 14. b3
Rhc8 15. O-O a6 16. Bc4 b5 17. Bxe6 Kxe6 18. f3 Rc6 19. Rf2 Rac8 20. Rd1 Rc1 21.
Rd2 Rxd1+ 22. Rxd1 Nxa2 0-1

[Event "2nd Science Park Open A"]
[Site "Amsterdam NED"]
[Date "2012.07.22"]
[Round "9"]
[White "Padurariu, Ioana-Smaranda"]
[Black "Go, Benjamin"]
[Result "0-1"]
[WhiteTitle "WIM"]
[WhiteElo "2245"]
[BlackElo "2164"]
[WhiteFideId "1210947"]
[BlackFideId "1014560"]
[EventDate "2012.07.14"]

1. e4 Nf6 2. e5 Nd5 3. d4 d6 4. Nf3 Nc6 5. exd6 exd6 6. c4 Nf6 7. Be2 d5 8. c5
Be7 9. O-O O-O 10. Nc3 Ne4 11. h3 Be6 12. Bf4 f5 13. Nb5 Rc8 14. Ne5 Nxe5 15.
Bxe5 c6 16. Nc3 b6 17. cxb6 axb6 18. f3 Nd6 19. Re1 Bh4 20. g3 Qg5 21. Bf4 Qg6
22. Kh2 Bxg3+ 23. Bxg3 f4 24. Bf2 Bxh3 25. Kxh3 Rf5 26. Bh4 Rh5 27. Rg1 Rxh4+
28. Kxh4 Nf5+ 29. Kh3 Qh5+ 0-1

[Event "2nd Science Park Open A"]
[Site "Amsterdam NED"]
[Date "2012.07.22"]
[Round "9"]
[White "Bijlsma, Nick"]
[Black "Van der Lende, Ilias"]
[Result "1-0"]
[WhiteElo "2130"]
[BlackElo "2175"]
[WhiteFideId "1007041"]
[BlackFideId "1019260"]
[EventDate "2012.07.14"]

1. e4 e6 2. d4 d5 3. Nd2 c5 4. exd5 exd5 5. Ngf3 a6 6. Be2 Nc6 7. O-O Bd6 8.
dxc5 Bxc5 9. Nb3 Bb6 10. c3 Nf6 11. Bg5 O-O 12. Bxf6 Qxf6 13. Qxd5 Bg4 14. Rae1
Rfe8 15. Bd1 Be6 16. Qe4 g6 17. Nbd2 Red8 18. Qa4 Bc7 19. Ne4 Qf4 20. g3 Qh6 21.
Bb3 Bf5 22. Neg5 Rd7 23. Nxf7 Rxf7 24. Bxf7+ Kxf7 25. Qb3+ Kg7 26. Qxb7 Rc8 27.
Qxc6 Bxg3 28. Re7+ Kg8 29. Re8+ Kf7 30. Rxc8 Bf4 31. Qb7+ Kf6 32. Rc6+ Be6 33.
Rxe6+ Kxe6 34. Re1+ Kf5 35. Qd7+ Kf6 36. Qe7+ Kf5 37. Qe6# 1-0

[Event "2nd Science Park Open A"]
[Site "Amsterdam NED"]
[Date "2012.07.22"]
[Round "9"]
[White "Brookes, Christopher"]
[Black "Riemens, Albert"]
[Result "1-0"]
[WhiteElo "2171"]
[BlackElo "2123"]
[WhiteFideId "4669355"]
[BlackFideId "1003941"]
[EventDate "2012.07.14"]

1. e4 c5 2. Nf3 d6 3. d4 cxd4 4. Nxd4 Nf6 5. Nc3 Nc6 6. Bc4 Na5 7. Bb3 g6 8. f3
Bg7 9. Be3 Bd7 10. Qd2 h5 11. O-O-O Rc8 12. h3 h4 13. Rhe1 Nc4 14. Bxc4 Rxc4 15.
f4 Kf8 16. Qd3 Qc8 17. f5 gxf5 18. Nxf5 Bxf5 19. exf5 Nd7 20. Bg5 Ne5 21. Bxe7+
Kg8 22. Qxd6 Rxc3 23. bxc3 Qxc3 24. f6 Bh6+ 25. Kb1 Nc4 26. Qd8+ Kh7 27. Qd3+
Qxd3 28. Rxd3 Rg8 29. Re2 Rg5 30. Rd4 Rb5+ 31. Ka1 Bc1 32. Rxh4+ Kg6 33. a4 1-0

[Event "2nd Science Park Open A"]
[Site "Amsterdam NED"]
[Date "2012.07.22"]
[Round "9"]
[White "Straat, Evert-Jan"]
[Black "Theulings, Paul-Peter"]
[Result "1-0"]
[BlackTitle "CM"]
[WhiteElo "2091"]
[BlackElo "2126"]
[WhiteFideId "1001418"]
[BlackFideId "1002899"]
[EventDate "2012.07.14"]

1. d4 Nf6 2. c4 e6 3. Nf3 b6 4. g3 Bb7 5. Bg2 Be7 6. O-O d5 7. cxd5 exd5 8. Nc3
O-O 9. Bf4 Na6 10. Rc1 c5 11. dxc5 bxc5 12. Qb3 Qb6 13. Ne5 Qxb3 14. axb3 Nb4
15. Na4 Rfe8 16. Nxc5 Bxc5 17. Rxc5 g5 18. Bxg5 Ne4 19. Rb5 Ba6 20. Rxb4 Nxg5
21. f4 Ne4 22. Rd1 Rac8 23. Bxe4 dxe4 24. Nc4 Rb8 25. Rxb8 Rxb8 26. Rd6 Bxc4 27.
bxc4 Rxb2 28. Kf2 Rc2 29. Rd4 a5 30. Rxe4 Kf8 31. Ke3 a4 32. Kd3 Rb2 33. c5 a3
34. Ra4 a2 35. Ra7 Ke8 36. c6 Kd8 37. g4 Kc8 38. c7 Rb4 39. Ke3 Rb3+ 40. Ke4 Rb2
41. Kf3 Rb3+ 42. e3 Rb2 43. h4 Rh2 44. g5 Kd7 45. Kg4 Rc2 46. e4 Kc8 47. h5 Rg2+
48. Kf5 Rc2 49. g6 hxg6+ 50. hxg6 1-0

[Event "2nd Science Park Open A"]
[Site "Amsterdam NED"]
[Date "2012.07.22"]
[Round "9"]
[White "Henseler, Jorgen"]
[Black "Punt, Roland"]
[Result "1/2-1/2"]
[WhiteElo "2075"]
[BlackElo "2141"]
[WhiteFideId "1023233"]
[BlackFideId "1017527"]
[EventDate "2012.07.14"]

1. e4 c5 2. Nf3 Nc6 3. d4 cxd4 4. Nxd4 Nf6 5. Nc3 e5 6. Ndb5 d6 7. Bg5 a6 8. Na3
b5 9. Bxf6 gxf6 10. Nd5 Bg7 11. Bd3 Ne7 12. Nxe7 Qxe7 13. O-O O-O 14. c4 f5 15.
cxb5 d5 16. exd5 e4 17. Qe2 Qb4 18. Bc4 Bxb2 19. Nc2 Qc3 20. Rab1 axb5 21. Bb3
Bd7 22. Nd4 Ba3 23. Qe3 Rfc8 24. Qg5+ Kh8 25. Qf6+ 1/2-1/2

[Event "2nd Science Park Open A"]
[Site "Amsterdam NED"]
[Date "2012.07.22"]
[Round "9"]
[White "Ritsema, Ronald"]
[Black "Weber, Meikel"]
[Result "1/2-1/2"]
[WhiteElo "2054"]
[BlackElo "2045"]
[WhiteFideId "1010409"]
[BlackFideId "24602957"]
[EventDate "2012.07.14"]

1. d4 d5 2. c4 c6 3. Nc3 e6 4. e3 Bd6 5. Nf3 f5 6. b3 Nf6 7. Bd3 O-O 8. O-O Ne4
9. Bb2 Nd7 10. Ne2 Qc7 11. c5 Be7 12. Nf4 Ndf6 13. Ne5 g5 14. Ne2 Nd7 15. Nxd7
Bxd7 16. Qc2 Be8 17. f3 Nf6 1/2-1/2

[Event "2nd Science Park Open A"]
[Site "Amsterdam NED"]
[Date "2012.07.22"]
[Round "9"]
[White "Brink, Barry"]
[Black "Farrand, Julian T"]
[Result "1/2-1/2"]
[WhiteElo "2195"]
[BlackElo "2116"]
[WhiteFideId "1009451"]
[BlackFideId "24602469"]
[EventDate "2012.07.14"]

1. d4 d6 2. Nf3 f5 3. g3 Nf6 4. Bg2 g6 5. O-O Bg7 6. c4 O-O 7. Nc3 Nc6 8. d5 Ne5
9. Nxe5 dxe5 10. Qb3 Kh8 11. Rd1 a6 12. c5 Rb8 13. a4 Nd7 14. Qc4 b6 15. b4 bxc5
16. bxc5 e4 17. Be3 Ne5 18. Qa2 Ng4 19. Qd2 Nxe3 1/2-1/2

[Event "2nd Science Park Open A"]
[Site "Amsterdam NED"]
[Date "2012.07.22"]
[Round "9"]
[White "Hendriks, Theo"]
[Black "Vereggen, Lars"]
[Result "1-0"]
[WhiteElo "2067"]
[BlackElo "2051"]
[WhiteFideId "1015915"]
[BlackFideId "1029258"]
[EventDate "2012.07.14"]

1. e4 c5 2. Nf3 d6 3. d4 cxd4 4. Nxd4 Nf6 5. Nc3 a6 6. Be2 e5 7. Nb3 Be6 8. O-O
Be7 9. Qd3 Nbd7 10. Nd5 Bxd5 11. exd5 O-O 12. c4 Ne8 13. f4 exf4 14. Bxf4 Bf6
15. Rab1 Ne5 16. Qg3 Ng6 17. Bd3 Nxf4 18. Rxf4 Be5 19. Qh3 g6 20. Rf3 f5 21. Kh1
a5 22. g4 f4 23. Nd2 Rc8 24. Ne4 b6 25. b3 Rc7 26. Rbf1 Qe7 27. g5 Ng7 28. Qg4
Nh5 29. Ng3 fxg3 30. Rxf8+ Kg7 31. h4 Qxf8 32. Rxf8 Kxf8 33. Bf1 Rf7 34. Bg2 Rf5
35. a3 Ke8 36. b4 axb4 37. axb4 Kd8 38. c5 Rf4 39. Qe6 Rxb4 40. Qg8+ Kc7 41.
Qf7+ Kb8 42. Qe8+ Ka7 43. Qd7+ Ka8 44. c6 Rb1+ 45. Bf1 Rxf1+ 46. Kg2 Nf4+ 47.
Kxf1 g2+ 48. Kf2 Bd4+ 49. Kf3 1-0